100 méchants de fiction - Statistiques

Statistiques générales
  • Ce quiz a été pris 471 fois
  • Le résultat moyen est 56 sur 100
Statistiques - réponses
Par images Hint Réponse % Correct
Voldemort Harry Potter
99%
Dark Vador Star Wars
99%
Scar Le Roi lion
98%
Le Joker Batman
95%
Bowser Super Mario
95%
Grippe-Sou Ça
94%
Charles Montgomery Burns Les Simpson
94%
Capitaine Crochet Peter Pan
94%
Jafar Aladdin
91%
Karaba Kirikou
90%
Shere Khan Le Livre de la jungle
88%
Cruella d'Enfer Les 101 Dalmatiens
88%
Méchante reine Blanche-Neige et les Sept Nains
87%
Lord Farquaad Shrek
86%
Jessie Pokémon
85%
Ursula La Petite Sirène
84%
Joe Dalton Lucky Luke
82%
Davy Jones Pirates des Caraïbes
82%
Thanos Avengers
81%
Madame de Trémaine Cendrillon
81%
Obito Uchiwa Naruto
81%
Docteur Octopus Spider-Man
81%
Gargamel Les Schtroumpfs
80%
Roberto Rastapopoulos Tintin
80%
Sauron Le Seigneur des Anneaux
79%
Don Quijote Doflamingo One Piece
79%
Prince Hans La Reine des Neiges
78%
Ghostface Scream
77%
Docteur Eggman Sonic the Hedgehog
77%
Hadès Hercule
76%
Maléfique La Belle au bois dormant
76%
Syndrome Les Indestructibles
76%
Mère Gothel Raiponce
76%
Vector Perkins Moi, Moche et Méchant
75%
La Reine de Cœur Alice au pays des merveilles
74%
Docteur Gang Inspecteur Gadget
74%
Agent Smith Matrix
74%
Evil Morty Rick et Morty
72%
T-800 Terminator
71%
Mystique X-Men
68%
Roi de la nuit Game of Thrones
67%
Le Démogorgon Stranger Things
67%
Negan The Walking Dead
67%
Léon Bogue Monstres & Cie
66%
Jack Torrance Shining
65%
Lex Luthor Superman
65%
Ivar le Désossé Vikings
65%
Hannibal Lecter Le Silence des agneaux
64%
Pat Hibulaire Mickey Mouse
64%
Le Titan bestial Attaque des Titans
62%
Gaston La Belle et la Bête
62%
Theodore Bagwell Prison Break
61%
Jason Voorhees Vendredi 13
58%
Docteur Facilier La Princesse et la Grenouille
56%
Claude Frollo Le Bossu de Notre-Dame
56%
Charles F. Muntz Là-haut
55%
Gus Fring Breaking Bad
52%
Gouverneur Ratcliffe Pocahontas
52%
Le protecteur The Boys
52%
Patrick Bateman American Psycho
49%
Devin Weston Grand Theft Auto V
49%
Michael Myers Halloween
48%
Ganondorf The Legend of Zelda
48%
Biff Tannen Retour vers le futur
47%
Ronan l'Accusateur Les Gardiens de la Galaxie
46%
Freddy Krueger Les Griffes de la nuit
43%
Norman Bates Psychose
43%
Docteur Julius No James Bond
42%
Docteur Fatalis Les Quatre Fantastiques
41%
Madame Mim Merlin l'Enchanteur
41%
Séphiroth Final Fantasy
40%
Nellie Oleson La Petite Maison dans la prairie
39%
Roi Dadidou Kirby
37%
Sa Sucrerie Les Mondes de Ralph
37%
John Doe Seven
33%
Elle Driver Kill Bill
29%
Chester Campbell Peaky Blinders
29%
Keyser Söze Usual Suspects
26%
Marsellus Wallace Pulp Fiction
23%
Klaus Mikaelson Vampire Diaries
23%
J. R. Ewing Dallas
22%
Chernabog Fantasia
22%
Ridley Metroid
21%
Annie Wilkes Misery
21%
Cole Turner Charmed
20%
Dave Williams Desperate Housewives
20%
Marquise de Merteuil Les Liaisons dangereuses
20%
Ajax Deadpool
19%
Regina George Mean Girls
19%
Cage Wallace Les 100
18%
Rita Repulsa Power Rangers
15%
La gestionnaire Umbrella Academy
14%
Le Tireur Daredevil
13%
Gerard Argent Teen Wolf
13%
Colonel Walter E. Kurtz Apocalypse Now
12%
L'Homme en Noir Lost : Les Disparus
12%
James Patrick March American Horror Story
11%
Desi Piscatella Orange Is the New Black
10%
Caleb Buffy contre les vampires
8%
Skorpa The Last Kingdom
6%
Aucun quiz correspondant
Distribution des résultats
% des personnes avec chaque résultat
Percentile par nombre de réponses
Votre historique - résultats
Vous n’avez pas pris ce quiz